| 000 | 01205 a2200277 4500 | ||
|---|---|---|---|
| 003 | Nust | ||
| 005 | 20170207154019.0 | ||
| 010 | _a 2007052216 | ||
| 020 | _a9780521868006 (hardback) | ||
| 035 | _a(OCoLC)183264828 | ||
| 035 | _a(OCoLC)ocn183264828 | ||
| 040 | _cNust | ||
| 082 | 0 | 0 | _a621.382/7 |
| 100 | 1 | _aMaier, Martin, | |
| 245 | 1 | 0 |
_aOptical switching networks-(E-BOOK) _cMartin Maier. |
| 260 |
_aCambridge ; _aNew York : _bCambridge University Press, _c2008. |
||
| 300 |
_axx, 324 p. : _bill. ; _c26 cm. |
||
| 505 | _aPart I Introduction (Page-1), Part Ii Optical Wide Area Networks (Page-51), Part Iii Optical Metropolitan Area Networks (Page-155), Part Iv Optical Access And Local Area Networks (Page-219), Part V Testbeds (Page-271). | ||
| 650 | 0 | _aComputer networks. | |
| 650 | 0 | _aOptical communications. | |
| 650 | 0 | _aTelecommunication systems. | |
| 651 | _aE-BOOK | ||
| 856 | 4 | 2 |
_3Contributor biographical information _uhttp://www.loc.gov/catdir/enhancements/fy0806/2007052216-b.html |
| 856 | 4 | 2 |
_3Publisher description _uhttp://www.loc.gov/catdir/enhancements/fy0806/2007052216-d.html |
| 856 | 4 | 2 |
_3Table of contents only _uhttp://www.loc.gov/catdir/enhancements/fy0806/2007052216-t.html |
| 942 |
_2ddc _cBK |
||
| 999 |
_c191591 _d191591 |
||